[Event "I LIGA CS 2016"]
[Site "Kragujevac"]
[Date "2016.09.14"]
[Round "6.16"]
[White "Ivanovic, Dragutin"]
[Black "Pantelic, Sasa"]
[Result "0-1"]
[WhiteElo "2291"]
[BlackElo "2316"]
[PlyCount "104"]
[EventDate "2016.??.??"]
[WhiteClock "0:04:03"]
[BlackClock "0:20:53"]

1. d4 Nf6 2. c4 g6 3. f3 c5 4. d5 Bg7 5. e4 d6 6. Ne2 O-O 7. Nec3 a6 8. a4 e6
9. Be2 exd5 10. cxd5 Nbd7 11. O-O Re8 12. Bg5 Qc7 13. Nd2 h6 14. Be3 Nb6 15.
Qb3 Bd7 16. g4 Rab8 17. Rac1 Nc8 18. Qa2 b5 19. axb5 axb5 20. b4 c4 21. Ndb1
Kh7 22. Na3 Qb7 23. Qd2 Ra8 24. Nc2 Nb6 25. Ra1 Na4 26. Nxa4 bxa4 27. Bxc4 Nxg4
28. fxg4 Rxe4 29. Rf4 Rxf4 30. Bxf4 Bxa1 31. Nxa1 Bb5 32. Bxb5 Qxb5 33. Bxd6
Qc4 34. Bc5 Re8 35. Kf2 Qxg4 36. d6 Qf5+ 37. Kg2 Re4 38. Bf2 Qg4+ 39. Kf1 Rxb4
40. d7 Qc4+ 41. Kg1 Rb1+ 42. Be1 Qc5+ 43. Kg2 Qc6+ 44. Kf2 Qf6+ 45. Kg1 Qd8 46.
Nc2 Rb7 47. Ne3 Rxd7 48. Qb4 Qe7 49. Qb6 a3 50. Bc3 Rd3 51. Bd4 a2 52. Ng4 Qg5
0-1

[Event "I LIGA CS 2016"]
[Site "Kragujevac"]
[Date "2016.09.14"]
[Round "6.17"]
[White "Jesic, Dusan"]
[Black "Nikolic, Dragovan"]
[Result "1-0"]
[WhiteElo "2348"]
[BlackElo "2227"]
[PlyCount "45"]
[EventDate "2016.??.??"]
[WhiteClock "0:18:12"]
[BlackClock "0:02:36"]

1. d4 Nf6 2. c4 c6 3. Nf3 d5 4. e3 Bf5 5. Nc3 e6 6. Nh4 Bg4 7. Qb3 b6 8. h3 Bh5
9. g4 Nfd7 10. gxh5 Qxh4 11. cxd5 exd5 12. Bg2 Na6 13. O-O Nc7 14. e4 dxe4 15.
Re1 O-O-O 16. Nxe4 Qxh5 17. Ng5 Nd5 18. Bxd5 cxd5 19. Qxd5 Nb8 20. Qxf7 g6 21.
Bf4 Nd7 22. Rac1+ Kb7 23. Rc7+ 1-0

[Event "I liga CS 2016."]
[Site "Kragujevac,hotel Sumarice"]
[Date "2016.09.14"]
[Round "6.5"]
[White "Vuckovic, Branko"]
[Black "Misic, Dragan"]
[Result "1/2-1/2"]
[WhiteElo "2263"]
[BlackElo "2262"]
[PlyCount "64"]
[EventDate "2016.09.10"]

1. e4 c6 2. d4 d5 3. e5 Bf5 4. h4 h5 5. Bg5 Qb6 6. Bd3 Bxd3 7. Qxd3 e6 8. Nd2
Ne7 9. Ne2 Nd7 10. c4 Qa6 11. b3 Nf5 12. Ng3 Ne7 13. O-O g6 14. b4 Nf5 15. b5
Qa4 16. bxc6 bxc6 17. Nxf5 gxf5 18. c5 Be7 19. Nf3 Bxg5 20. hxg5 Ke7 21. Qb3
Qa6 22. Qe3 Rhg8 23. Qf4 Nf8 24. Rfb1 Ng6 25. Qd2 Rab8 26. Rb2 Rb7 27. Rab1
Rgb8 28. Rb4 Kd7 29. R1b3 Kc7 30. a4 Rxb4 31. Rxb4 Rxb4 32. Qxb4 Kc8 1/2-1/2

[Event "I liga CS 2016."]
[Site "Kragujevac,hotel Sumarice"]
[Date "2016.09.14"]
[Round "6.6"]
[White "Zajic, Milan"]
[Black "Brkljaca, Ante"]
[Result "1/2-1/2"]
[WhiteElo "2483"]
[BlackElo "2296"]
[PlyCount "68"]
[EventDate "2016.09.10"]

1. e4 c5 2. Nf3 Nc6 3. d4 cxd4 4. Nxd4 g6 5. c4 Bg7 6. Be3 Nf6 7. Nc3 O-O 8.
Be2 d6 9. O-O Bd7 10. Qd2 Nxd4 11. Bxd4 Bc6 12. f3 a5 13. b3 Nd7 14. Be3 Nc5
15. Rab1 Qb6 16. Rfc1 Rfc8 17. Rc2 Qd8 18. Bf1 Qf8 19. Ne2 h5 20. Nd4 Kh7 21.
a3 a4 22. b4 Nb3 23. Qf2 Nxd4 24. Bxd4 Bxd4 25. Qxd4 Qg7 26. Qe3 Bd7 27. Re1
Rc7 28. e5 Rac8 29. Bd3 Be6 30. c5 dxc5 31. Rxc5 Rxc5 32. bxc5 Qf8 33. Be4 Rc7
34. f4 Qc8 1/2-1/2

[Event "I liga CS 2016."]
[Site "Kragujevac,hotel Sumarice"]
[Date "2016.09.14"]
[Round "6.6"]
[White "Jovanovic, Sasa M"]
[Black "Djordjevic, Vuk"]
[Result "0-1"]
[WhiteElo "2244"]
[BlackElo "2416"]
[PlyCount "56"]
[EventDate "2016.09.10"]

1. Nf3 d5 2. g3 c5 3. c4 d4 4. b4 Nd7 5. Qa4 Qc7 6. d3 e5 7. Bg2 Ngf6 8. O-O
Be7 9. bxc5 Bxc5 10. e3 dxe3 11. fxe3 Qb6 12. Nc3 Bxe3+ 13. Kh1 Bxc1 14. Raxc1
O-O 15. Rce1 Qd6 16. Qc2 h6 17. Nh4 Nc5 18. Nd5 Nxd5 19. Bxd5 Be6 20. Bxe6 fxe6
21. Rxf8+ Rxf8 22. Ng6 Nxd3 23. Nxf8 Nxe1 24. Qe2 Qc6+ 25. Kg1 Nf3+ 26. Kf2 Nd4
27. Qxe5 Qf3+ 28. Ke1 Qd3 0-1

[Event "I liga CS 2016."]
[Site "Kragujevac,hotel Sumarice"]
[Date "2016.09.14"]
[Round "6.6"]
[White "Brankovic, Dejan"]
[Black "Cirakovic, Ivan"]
[Result "1-0"]
[WhiteElo "2352"]
[BlackElo "2165"]
[PlyCount "39"]
[EventDate "2016.09.10"]

1. e4 c5 2. Nf3 g6 3. c4 Bg7 4. d4 cxd4 5. Nxd4 Qb6 6. Nb3 Nc6 7. Be2 a5 8. a4
Nd4 9. Nxd4 Bxd4 10. O-O Bxb2 11. c5 Qf6 12. Bxb2 Qxb2 13. Na3 Qe5 14. Nc4 Qxe4
15. Nb6 Rb8 16. Bb5 Nf6 17. Re1 Qf4 18. g3 Qc7 19. Qd4 Rg8 20. Qxf6 1-0

[Event "I liga CS 2016."]
[Site "Kragujevac,hotel Sumarice"]
[Date "2016.09.14"]
[Round "6.6"]
[White "Ivanovic, Lazar"]
[Black "Gajic, Mladen"]
[Result "1-0"]
[WhiteElo "2017"]
[BlackElo "2346"]
[PlyCount "69"]
[EventDate "2016.09.10"]

1. d4 Nf6 2. c4 c5 3. d5 e6 4. Nc3 exd5 5. cxd5 d6 6. e4 g6 7. f4 Bg7 8. Bb5+
Nfd7 9. a4 O-O 10. Nf3 Na6 11. O-O Nb4 12. Re1 a6 13. Bf1 Re8 14. Bd2 Nf6 15.
h3 b6 16. Qb3 Ra7 17. Bc4 Rae7 18. e5 Nd7 19. Ne4 dxe5 20. d6 Re6 21. Bxe6 fxe6
22. Neg5 Nf8 23. Bxb4 cxb4 24. fxe5 a5 25. Rac1 Bb7 26. Rc7 Bd5 27. Qe3 Nd7 28.
Qf4 Rf8 29. Qg4 Rf5 30. Rec1 Nc5 31. Qh4 h6 32. R1xc5 hxg5 33. Rxg7+ Kxg7 34.
Rc7+ Rf7 35. Nxg5 1-0

[Event "I liga CS 2016."]
[Site "Kragujevac,hotel Sumarice"]
[Date "2016.09.14"]
[Round "6.6"]
[White "Mladenovic, Stefan"]
[Black "Vojinovic, Luka"]
[Result "1-0"]
[WhiteElo "2273"]
[BlackElo "2152"]
[PlyCount "51"]
[EventDate "2016.09.10"]

1. d4 d5 2. c4 c6 3. Nf3 Nf6 4. e3 g6 5. Nc3 Bg7 6. Be2 a6 7. O-O O-O 8. b4 Bf5
9. a4 Ne4 10. Qb3 Nd7 11. Ba3 Re8 12. Rac1 e6 13. cxd5 exd5 14. b5 axb5 15.
axb5 Re6 16. Nxe4 Bxe4 17. Rc3 cxb5 18. Nd2 Nb6 19. Bxb5 Bf5 20. Rfc1 g5 21.
Rc7 g4 22. Rxb7 Qg5 23. Bc5 Nc8 24. Qxd5 g3 25. hxg3 Nd6 26. Bxd6 1-0

[Event "I liga CS 2016."]
[Site "Kragujevac,hotel Sumarice"]
[Date "2016.09.14"]
[Round "6.6"]
[White "Vlajkovic, Stanko"]
[Black "Dezelin, Milan"]
[Result "1/2-1/2"]
[WhiteElo "1959"]
[BlackElo "2227"]
[PlyCount "65"]
[EventDate "2016.09.10"]

1. Nf3 c5 2. g3 Nc6 3. Bg2 g6 4. O-O Bg7 5. c3 e5 6. e4 Nge7 7. c4 O-O 8. Nc3
d6 9. d3 a6 10. a3 Rb8 11. Rb1 b5 12. cxb5 axb5 13. b4 cxb4 14. axb4 h6 15. Nh4
Nd4 16. Be3 g5 17. Nf3 Bg4 18. Bxd4 exd4 19. Ne2 d5 20. h3 dxe4 21. hxg4 exf3
22. Bxf3 Nd5 23. Qb3 Nc3 24. Ra1 Qf6 25. Kg2 Qe6 26. Qc2 f5 27. Nxc3 dxc3 28.
gxf5 Qxf5 29. Be4 Qe5 30. Ra7 Qd4 31. Qb3+ Kh8 32. Rf7 Rxf7 33. Qxf7 1/2-1/2